000 01068nac a22003377a 4500
001 BR6001304
003 BR-BrBNA
005 20240105113003.0
008 230509b bl.|||m| |||| 00| 0 por d
040 _aBR-BrBNA
_bpor
_cBiblioteca Nacional de Agricultura
072 _aH10
090 _a0311 BR6001304
100 1 _aCosta, J.M. da
100 1 _aBarreto, A.C.
100 1 _aLavres Filho, J.
110 1 _aInstituto de Pesquisa Agropecuaria do Leste, Cruz das Almas, BA (Brasil)
_96080
245 1 _aPragas da palmaceas [coco, pesticida, controle biologico, controle quimico]
260 3 _aCruz das Almas, BA (Brasil):
_c1973.
300 _a40 p.
490 _aCircular - Instituto de Pesquisa Agropecuaria do Leste (Brazil)
_vno. 32
_x
500 _a22 illus.; 22 ref.
650 _aCOCO
650 _aPALMEIRA OLEAGINOSA
650 _aPESTICIDA
650 _aCONTROLE BIOLOGICO
650 _aINSETO
650 _aCONTROLE QUIMICO
650 _aCONTROLE MECANICO
909 _a202312
_bLúcia Elande
_c55
_dLúcia Elande
942 _2AGRIS
_n0
_cMS
999 _c261284
_d261284